Представление документа в формате MARC21

ПолеНазваниеЗначение
  Тип записи a
  Библиографический уровень m
001 Контрольный номер RU\infra-m\znanium\bibl\2218621
005 Дата корректировки 20260429142317.7
008 Кодируемые данные 260305s2025 RU g rus u
020 Индекс ISBN __
a ISBN 978-5-16-021241-8
020 Индекс ISBN __
a ISBN 978-5-16-107276-9 (электр. издание)
040 Источник каталогиз. __
a Служба первич. каталог. Общество с ограниченной ответственностью «ЗНАНИУМ»
041 Код языка издания __
a Код языка текста rus
044 Код страны публикации __
a Код страны публикации RU
080 Индекс УДК __
a Индекс УДК 640.432(075.8)
084 Индекс другой классификации/Индекс ББК __
2 Источник индекса rubbk
a Индекс другой классификации/Индекс ББК 65.431.14-803.4я73
084 Индекс другой классификации/Индекс ББК __
2 Источник индекса okso
a Индекс другой классификации/Индекс ББК 19.03.04
084 Индекс другой классификации/Индекс ББК __
2 Источник индекса okso
a Индекс другой классификации/Индекс ББК 43.03.02
084 Индекс другой классификации/Индекс ББК __
2 Источник индекса okso
a Индекс другой классификации/Индекс ББК 43.03.03
100 Автор __
a Автор Башин Ю.Б.
q Полное имя Башин Юрий Борисович
u Дополнение МИРЭА - Российский технологический университет
245 Заглавие __
a Заглавие Кейтеринг
b Продолж. заглавия Учебное пособие
c Ответственность МИРЭА - Российский технологический университет; МИРЭА - Российский технологический университет
250 Сведения об издании __
g перераб. и доп.
a Основные сведения об издании 2
260 Выходные данные __
a Место издания Москва
b Издательство ООО "Научно-издательский центр ИНФРА-М"
c Дата издания 2026
300 Физическое описание __
a Объем 155 с.
440 Серия __
a Серия Высшее образование
520 Аннотация __
a Аннотация В учебном пособии собрана и структурирована информация необходимая студенту для понимания сути кейтеринга механизмов и особенностей его работы актуальных проблем и тенденций развития отечественного рынка кейтеринговых услуг. Приводятся задания для самопроверки и контрольные материалы. Соответствует требованиям федеральных государственных образовательных стандартов высшего образования последнего поколения. Для студентов-бакалавров обучающихся по направлениям подготовки 43.03.02 «Туризм» и 43.03.03 «Гостиничное дело».
521 Примеч. о цел. назн. __
a Примеч. о целев. назн. ВО - Бакалавриат
650 Тематические рубрики __
a Основная рубрика Бизнес. Предпринимательство. Сервис
x Основная подрубрика Сервис. Бытовое обслуживание. Ресторанный бизнес
655 Указ. предметных рубрик (устаревшее) __
a Жанр/ форма (устаревшее) Учебное пособие
700 Другие авторы __
a Другие авторы Власова Н.В.
q Полное имя Власова Наталья Владимировна
u Дополнение Финансовый университет при Правительстве Российской Федерации
856 Электронный адрес документа 4_
a Имя сервера/домена znanium.ru
m Помощь ebs_support@infra-m.ru
n Местонахождение сервера НИЦ ИНФРА-М
u URL https://znanium.ru/catalog/document?id=467330
856 Электронный адрес документа 48
a Имя сервера/домена znanium.ru
d Путь /cover/2218
f Электронное имя 2218621.jpg
q Тип электронного формата image/jpeg
u URL https://znanium.ru/cover/2218/2218621.jpg
911 __
u 0030=https://znanium.ru/catalog/document?id=467330
911 __
u 712a=МИРЭА - Российский технологический университет